Historia de la ciudad de Andújar y de su Patrona la Virgen de la Cabeza de Sierra Morena / (Record no. 146126)
[ view plain ]
| 000 -LEADER | |
|---|---|
| campo de control de longitud fija | 00884nam a2200217 i 4500 |
| 001 - NÚMERO DE CONTROL | |
| campo de control | 146126 |
| 003 - IDENTIFICADOR DE NÚMERO DE CONTROL | |
| campo de control | ES-MaACL |
| 005 - FECHA Y HORA DE LA ÚLTIMA TRANSACCIÓN | |
| campo de control | 20230906201426.0 |
| 007 - CAMPO FIJO DE DESCRIPCIÓN FÍSICA--INFORMACIÓN GENERAL | |
| campo de control de longitud fija | t| |
| 008 - DATOS DE LONGITUD FIJA--INFORMACIÓN GENERAL | |
| campo de control de longitud fija | 070903m19541966sp ||||1| spa d |
| 080 ## - NÚMERO DE LA CLASIFICACIÓN DECIMAL UNIVERSAL | |
| Número de la Clasificación Decimal Universal | 94(460.352 Andújar) |
| 080 ## - NÚMERO DE LA CLASIFICACIÓN DECIMAL UNIVERSAL | |
| Número de la Clasificación Decimal Universal | 248.159(460.352 Andújar)(091) |
| 100 1# - ENTRADA PRINCIPAL--NOMBRE DE PERSONA | |
| Nombre de persona | Torres Laguna, Carlos de. |
| 9 (RLIN) | 110974 |
| 245 10 - MENCIÓN DEL TÍTULO | |
| Título | Historia de la ciudad de Andújar y de su Patrona la Virgen de la Cabeza de Sierra Morena / |
| Mención de responsabilidad, etc. | por Carlos Torres Laguna. |
| 260 ## - PUBLICACIÓN, DISTRIBUCIÓN, ETC. | |
| Lugar de publicación, distribución, etc. | Andújar : |
| Nombre del editor, distribuidor, etc. | [s.n.], |
| Fecha de publicación, distribución, etc. | 1954 ( |
| Fabricante | Tall. Gráf. La Puritana) |
| 300 ## - DESCRIPCIÓN FÍSICA | |
| Extensión | 4 v. ; |
| Dimensiones | 21 cm. |
| 505 8# - NOTA DE CONTENIDO CON FORMATO | |
| Nota de contenido con formato | Contiene: v. 1. Iliturgia. -- v. 2. Andújar cristiana. -- v. 3. La Morenita y su santuario. -- v. 4. Leyenda y tradiciones iliturgitanas. |
| 650 14 - PUNTO DE ACCESO ADICIONAL DE MATERIA--TÉRMINO DE MATERIA | |
| Término de materia o nombre geográfico como elemento de entrada | Virgen de la Cabeza- |
| Subdivisión general | Culto- |
| Subdivisión geográfica | Andújar- |
| Subdivisión cronológica | Historia. |
| 9 (RLIN) | 17824 |
| 651 #4 - PUNTO DE ACCESO ADICIONAL DE MATERIA--NOMBRE GEOGRÁFICO | |
| Nombre geográfico | Andújar- |
| Subdivisión general | Historia. |
| 9 (RLIN) | 7780 |
| 852 ## - LOCALIZACIÓN | |
| Ubicación | ES-MaACL |
| Número de control de estantería | P-1207 |
| Sublocalización o colección | R.41031 |
| Estatus retirado | Estado de pérdida | Estado de daño | No para préstamo | Biblioteca de origen | Biblioteca actual | Ubicación en estantería | Fecha de adquisición | Fuente de adquisición | Total de préstamos | Signatura topográfica completa | Código de barras | Visto por última vez | Precio de reemplazo | Tipo de ítem Koha |
|---|---|---|---|---|---|---|---|---|---|---|---|---|---|---|
| Biblioteca del Ateneo de Madrid | Biblioteca del Ateneo de Madrid | Depósito 2 | 17/01/2008 | P-1207 | 1152520 | 23/02/2023 | 23/02/2023 | Libro impreso |
